Name the Connecticut Wits Quiz Stats

Quiz not verified by Sporcle

Also try: Name One Novel
Challenge
Share
Tweet
Embed
Score 0/7 Timer 07:00
0 Plays Today
% Correct
Joel Barlow
91.7%
Timothy Dwight
75%
John Trumbull
66.7%
David Humphreys
66.7%
Theodore Dwight
66.7%
Richard Alsop
50%
Lemuel Hopkins
41.7%

You're not logged in!

Compare scores with friends on all Sporcle quizzes.
Sign Up with Email
OR
Log In

You Might Also Like...

Show Comments

Extras

Top Quizzes Today


Score Distribution

Your Account Isn't Verified!

In order to create a playlist on Sporcle, you need to verify the email address you used during registration. Go to your Sporcle Settings to finish the process.